000 00342nam a2200157Ia 4500
003 OSt
005 20231108041322.0
008 170524s9999 xx 000 0 und d
020 _a1401301940
040 _cIIMT
100 _aDavier-Joy
245 0 _aNoodles and pasta
260 _bRyland Peters& Small
260 _c1998
942 _2ddc
_c02
999 _c7075
_d7075